000 00293nam a22001337a 4500
082 _a894.812
_bJEE/P
100 _aJEEVAN, A S
245 _aPANDU PANDORU RAJAKUMARAN
250 _aFIRST
260 _aCALICUT
_bGURU PUBLICATIONS
_c1995
300 _a84
650 _aSTORY
_zKERALA
942 _cBK
999 _c1652
_d1652